| 000 | 00934cam a2200265 a 4500 | ||
|---|---|---|---|
| 001 | 14087875 | ||
| 003 | ARRUPE | ||
| 005 | 20211008103426.0 | ||
| 008 | 050825s2001 gw ab 000 0 ger | ||
| 010 | _a 2005458471 | ||
| 020 | _a3570005445 | ||
| 035 | _a(OCoLC)ocm48111979 | ||
| 040 |
_aOHX _cOHX _dNDD _dGZM _dOCLCQ _dDLC |
||
| 043 | _afb----- | ||
| 050 | 0 | 0 |
_aDT352.8 _b.S36 2001 |
| 100 | 1 |
_aScholl-Latour, Peter. _950373 |
|
| 245 | 1 | 0 |
_aAfrikanische Totenklage : _bder Ausverkauf des Schwarzen Kontinents / _cPeter Scholl-Latour. |
| 260 |
_aMünchen : _bBertelsmann, _c2001. |
||
| 300 |
_a472 p. : _bcol. ill., col. maps ; _c22 cm. |
||
| 651 | 0 |
_aAfrica, Sub-Saharan _xPolitics and government _y1960- _923409 |
|
| 651 | 0 |
_aAfrica, Sub-Saharan _xSocial conditions _y1960- _950374 |
|
| 906 |
_a7 _bcbc _cpccadap _d2 _encip _f20 _gy-gencatlg |
||
| 942 |
_2lcc _cMONOGRAPH |
||
| 999 |
_c130734 _d130734 |
||